Представление документа в формате RUSMARC

ПолеНазваниеЗначение
  Тип записи a
  Библиографический уровень m
001 Контрольный номер RU/SLIB/B/208756774
005 Дата корректировки 20210317111905.4
010 Индекс ISBN __
d Цена 500-00
101 Язык документа 0_
a Язык текста rus
200 Заглавие и сведения об ответственности 1_
a Заглавие Папство и его борьба с православием
f Первые сведения об ответственности сост. С. Носов
b Общее обозначение материала Текст
210 Выходные данные 1_
a Место издания М.
c Издательство Стрижев
d Дата издания 1993
215 Физическое описание __
a Объем 96 с.
606 Тематические рубрики __
a Основная рубрика Религия. Мистика. Свободомыслие
606 Тематические рубрики __
a Основная рубрика Христианство в целом
606 Тематические рубрики __
a Основная рубрика Православие
610 Ключевые слова 0_
a Ключевые слова папство
686 Индексы других классификаций __
a Классификационный индекс 86.37; ст86.37
801 Источник записи _0
a Страна RU
b Организация Муниципальное бюджетное учреждение культуры "Централизованная библиотечная система" г. Сургут (Центральная городская библиотека им. А. С. Пушкина)
g Правила каталогизации КиК/Михайлова
801 Источник записи _1
a Страна RU
b Организация Муниципальное бюджетное учреждение культуры "Централизованная библиотечная система" г. Сургут (Центральная городская библиотека им. А. С. Пушкина)
g Правила каталогизации КиК/Михайлова
852 Данные о местонахождении __
j Шифр хранения 86.37
c Каталожный индекс 86.37
i Авторский знак П 17
p Инвентарный номер 64449
901 Тип документа __
t Тип документа m
990 Данные о заказе (DOS) __
j Количество экземпляров (DOS) 5
t N записи в КСУ для И/У (DOS) 199701